书目信息 |
| 题名: |
超级羽毛球技术
|
|
| 作者: | 田儿贤一 著 ;张世响 译 | |
| 分册: | ||
| 出版信息: | 北京 人民体育出版社 2014 |
|
| 页数: | 176页 | |
| 开本: | 22cm | |
| 丛书名: | ||
| 单 册: | ||
| 中图分类: | G847.19 | |
| 科图分类: | ||
| 主题词: | 羽毛球运动--yu mao qiu yun dong--运动技术 | |
| 电子资源: | ||
| ISBN: | 978-7-5009-4528-4 | |
| 000 | 00893nam0 22002531 450 | |
| 001 | 0122100726 | |
| 005 | 20170322100726.0 | |
| 010 | @a978-7-5009-4528-4@dCNY29.00 | |
| 100 | @a20140310d2014 em y0chiy50 ea | |
| 101 | 1 | @achi@cjpn |
| 102 | @aCN@b110000 | |
| 105 | @aa z 000yy | |
| 106 | @ar | |
| 200 | 1 | @a超级羽毛球技术@9chao ji yu mao qiu ji shu@f(日)田儿贤一著@g张世响[等]译 |
| 210 | @a北京@c人民体育出版社@d2014 | |
| 215 | @a176页@c彩图@d22cm | |
| 304 | @a译者还有:金晓平、田青、陈思淼 | |
| 330 | @a本书分为6章,以田儿贤一本人的成长和学习羽毛球的经验为例,讲解了羽毛球基本技术、战术和训练方法等多方面内容。 | |
| 606 | 0 | @a羽毛球运动@9yu mao qiu yun dong@x运动技术 |
| 690 | @aG847.19@v5 | |
| 701 | 0 | @c(日)@a田儿贤一@9tian er xian yi@f(1989~)@4著 |
| 702 | 0 | @a张世响@9zhang shi xiang@f(1961~)@4译 |
| 801 | 0 | @aCN@bTANGWEI@c20170308 |
| 905 | @b0959198-201@dG847.19@e379@f4 | |
| 超级羽毛球技术/(日)田儿贤一著/张世响[等]译.-北京:人民体育出版社,2014 |
| 176页:彩图;22cm |
| ISBN 978-7-5009-4528-4:CNY29.00 |
| 本书分为6章,以田儿贤一本人的成长和学习羽毛球的经验为例,讲解了羽毛球基本技术、战术和训练方法等多方面内容。 |
| ● |
| 相关链接 |
|
|
|
|
正题名:超级羽毛球技术
索取号:G847.19/379
 
预约/预借
| 序号 | 登录号 | 条形码 | 馆藏地/架位号 | 状态 | 备注 |
| 1 | 0959198 | 209591985 | 第一样本阅览室/ [索取号:G847.19/379] | 在馆 | |
| 2 | 0959199 | 209591994 | 第四借阅区/ [索取号:G847.19/379] | 在馆 | |
| 3 | 0959200 | 209592001 | 第四借阅区/ [索取号:G847.19/379] | 在馆 | |
| 4 | 0959201 | 209592010 | 第四借阅区/ [索取号:G847.19/379] | 在馆 |